000 00583nam a2200217Ia 4500
003 OSt
005 20220928135108.0
006 a|||||r|||| 00| 0
007 ta
008 220927b |||||||| |||| 00| 0 eng d
024 _a693
037 _cTextual
040 _aSDCL
_cSDCL
_beng
041 _2eng
_aeng
082 _aX.3'N, L6
100 _aGregg Pauline
_9421961
245 0 _aBlack death to industrial revolution
_b a social and economic history of England
260 _c1976
942 _hX.3'N, L6
_cTEXL
_2CC
999 _c804651
_d804651